Statistics for Weasleyovi

Click here to take the quiz!

General Stats

  • This quiz has been taken 178 times
  • The average score is 5 of 7

Answer Stats

Answer% Correct
Ron
100%
George
91%
Ginny
89%
Fred
87%
Percy
67%
Bill
63%
Charlie
51%

Score Distribution

Percentile by Number Answered

Percent of People with Each Score

Your Score History

You have not taken this quiz